Allgemeinwissen Quiz #12 - Statistiken

Allgemein
  • Dieses Quiz wurde 3.345 mal gespielt
  • Das Durchschnittsergebnis liegt bei 9 aus 20
Antwortstatistiken
Frage Antwort % Korrekt
Welche japanische Millionenstadt beginnt mit O? Osaka
81%
In welchem Land hat die Sauna ihren Ursprung? Finnland
76%
Wie hieß die Stadt Istanbul ab 337? Konstantinopel
76%
Ein Würfel hat eine Kantenlänge von 5 Metern. Wie groß ist seine Oberfläche? 150 m²
67%
Wer lebte in Camelot? König Artus
55%
Welcher große Krieg wurde in den Jahren 1950–1953 geführt? Koreakrieg
53%
Was wurde angeblich 2008 von Satoshi Nakamoto erfunden und ursprünglich für weniger als 1 Cent gehandelt? Bitcoin
52%
Wofür stehen die Buchstaben P.S. am Ende eines Briefes? Postskriptum
47%
Welcher Fluss hat sechs seichte Stellen, die als „Katarakte“ bekannt sind? Nil
46%
Welcher griechische Gott hat einen Sohn namens Triton? Poseidon
46%
Wer komponierte „Ritt der Walküren“? Richard Wagner
43%
Wer soll gesagt haben: „Lasst sie Kuchen essen“? Marie Antoinette
41%
Wer war ab 1980 über 30 Jahre Königin der Niederlande? Beatrix
38%
Welches Tier ist (abgesehen vom Menschen selbst) für Menschen das tödlichste? Stechmücke
36%
Und wie hieß sie davor? Byzanz
28%
Wer spielte Frodo in der „Herr der Ringe“-Filmtrilogie? Elijah Wood
28%
Was ist die Hauptstadt von Ontario? Toronto
22%
Welcher US-Bundesstaat liegt geographisch am nächsten zu Afrika? Maine
21%
Unter welchem Künstlernamen ist der Musiker Steven Demetre Georgio, alias Yusuf Islam bekannt geworden? Cat Stevens
19%
Gegen welchen berühmten Schriftsteller erließ Ayatollah Khomeini 1989 eine Fatwa, aufgrund seines Romans "Die satanischen Verse"? Salman Rushdie
15%
Keine übereinstimmenden Quizze gefunden
Verteilung der Resultate
Anzahl Personen mit jedem Resultat
Perzentil nach korrekt beantworteten Fragen
Ihre Resultats-Entwicklung
Sie haben dieses Quiz noch nicht gespielt